Mulla The Transfer of Property Act / (Record no. 195598)

MARC details
000 -LEADER
fixed length control field 00851nam a22002297a 4500
005 - DATE AND TIME OF LATEST TRANSACTION
control field 20230406160624.0
010 ## - LCCN (DPL NO)
LC control number ENG-136636
020 ## - INTERNATIONAL STANDARD BOOK NUMBER
Terms of availability 3495.00
International Standard Book Number 9789395116145
035 ## - SYSTEM CONTROL NUMBER
System control number EN-120168
037 ## - SOURCE OF ACQUISITION
Source of stock number/acquisition DBAD/PUB
082 ## - DEWEY DECIMAL CLASSIFICATION NUMBER
Classification number 346.540436
Edition number 14th
100 ## - MAIN ENTRY--PERSONAL NAME
Personal name Mulla, Dinshah Fardunji,
245 00 - TITLE STATEMENT
Title Mulla The Transfer of Property Act /
Statement of responsibility, etc By Dinshaw Fardunji Mulla; Anand Venkatesh And Lakshmi Narayanan Venkatachari
250 ## - EDITION STATEMENT
Edition statement 14th edition
260 ## - PUBLICATION, DISTRIBUTION, ETC. (IMPRINT)
Place of publication, distribution, etc Gurgaon
Name of publisher, distributor, etc LexisNexis
Date of publication, distribution, etc 2017
270 ## - ADDRESS
Address 14th floor, Building No 10, Tower-B, DLF Cyber City, Phase-II ,
City Gurgaon
Postal code 122002
Telephone number 91-124-4774444
Fax number +91-124-4774100
Electronic mail address help.in@lexisnexis.com
300 ## - PHYSICAL DESCRIPTION
Extent cdii,1244p.;
Dimensions 25cm(hbk)
500 ## - GENERAL NOTE
General note Includes index
700 ## - ADDED ENTRY--PERSONAL NAME
Personal name Venkatesh, Anand
700 ## - ADDED ENTRY--PERSONAL NAME
Personal name Venkatachari, Lakshmi Narayanan
942 ## - ADDED ENTRY ELEMENTS (KOHA)
Source of classification or shelving scheme Dewey Decimal Classification
Item type English Books
Call number suffix MUL
Classification part 346.540436
Holdings
Withdrawn status Lost status Not for loan Collection code Home library Current library Date acquired Source of acquisition Cost, normal purchase price Full call number Barcode Copy number Cost, replacement price Koha item type
      Reference Central Library Central Library 06/04/2023 DBAD/PUB 3495.00 346.540436 MUL EN-120168 1 3495.00 English Books

© Delhi Public Library
Hit Counter
free hit counter